Curso elemental de lengua inglesa

Gespeichert in:
Bibliographische Detailangaben
1. Verfasser: Kelly, Brian
Format: Buch
Sprache:Spanisch
Erschienen: Madrid : Editorial Hispánica, 1946-
Katalog:MANES:  Suchergebnis im Bibliothekskatalog
Schulbuchspezifische Eigenschaften:
Tags: Tag hinzufügen
Keine Tags, Fügen Sie den ersten Tag hinzu!
Hinzugefügt zu:09.02.2019
Geändert in:07.05.2025

MARC

LEADER 00000cam a2200000 i 4500
005 20250507134421.0
008 190210s1946 esp fp 000 0 spa d
040 |a uned  |b spa  |c entro-manes 
100 1 |a Kelly, Brian  |9 37980 
245 1 0 |a Curso elemental de lengua inglesa /   |c Brian Kelly 
260 |a Madrid :   |b Editorial Hispánica,   |c 1946- 
300 |a [1] v. 
505 1 |a Contiene:   |g Primera parte 
546 |a España 
561 |5 es-BUNED  |3 L.T. 3718  |a España. Fondo Manes UNED  |k MANES 
690 0 |a LE 
942 |2 ddc  |c BK 
999 |c 94015  |d 94015 
999 |c manes:94015  |d 94015